Machine learning with SVM and other kernel methods / (Record no. 27980)
[ view plain ]
| 000 -LEADER | |
|---|---|
| fixed length control field | 01002nam a22002777a 4500 |
| 005 - DATE AND TIME OF LATEST TRANSACTION | |
| control field | 20090630113640.0 |
| 008 - FIXED-LENGTH DATA ELEMENTS--GENERAL INFORMATION | |
| fixed length control field | 090313t xxu||||| |||| 00| 0 eng d |
| 010 ## - LCCN (DPL NO) | |
| LC control number | ENG-94296 |
| 020 ## - INTERNATIONAL STANDARD BOOK NUMBER | |
| Terms of availability | 425.00 |
| International Standard Book Number | 9788120334359 |
| 035 ## - SYSTEM CONTROL NUMBER | |
| System control number | EN-77829 |
| 037 ## - SOURCE OF ACQUISITION | |
| Source of stock number/acquisition | DBAD / PUB |
| 040 ## - CATALOGING SOURCE | |
| Original cataloging agency | dpl |
| Language of cataloging | English |
| 082 ## - DEWEY DECIMAL CLASSIFICATION NUMBER | |
| Classification number | 006.31 |
| 100 ## - MAIN ENTRY--PERSONAL NAME | |
| Personal name | Soman, K.P. |
| 245 ## - TITLE STATEMENT | |
| Title | Machine learning with SVM and other kernel methods / |
| Statement of responsibility, etc | by K.P. Soman, R. Loganathan [and] V. Ajay |
| 260 ## - PUBLICATION, DISTRIBUTION, ETC. (IMPRINT) | |
| Place of publication, distribution, etc | New Delhi |
| Name of publisher, distributor, etc | PHI Learning |
| Date of publication, distribution, etc | 2009 |
| 270 ## - ADDRESS | |
| Address | M-97 Connaught Circus |
| City | New Delhi |
| Postal code | 110001 |
| 300 ## - PHYSICAL DESCRIPTION | |
| Extent | xviii, 477p. |
| Dimensions | 26cm(pbk) |
| Accompanying material | CD-ROM |
| 500 ## - GENERAL NOTE | |
| General note | Includes index |
| 650 ## - SUBJECT ADDED ENTRY--TOPICAL TERM | |
| Topical term or geographic name as entry element | Support vector Machines |
| 650 ## - SUBJECT ADDED ENTRY--TOPICAL TERM | |
| Topical term or geographic name as entry element | Kernel functions |
| 700 ## - ADDED ENTRY--PERSONAL NAME | |
| Personal name | Loganathan, R. |
| 700 ## - ADDED ENTRY--PERSONAL NAME | |
| Personal name | Ajay, V. |
| 942 ## - ADDED ENTRY ELEMENTS (KOHA) | |
| Source of classification or shelving scheme | Dewey Decimal Classification |
| Item type | English Books |
| Call number suffix | SOM |
| Classification part | 006.31 |
| Withdrawn status | Lost status | Source of classification or shelving scheme | Damaged status | Not for loan | Collection code | Home library | Current library | Date acquired | Source of acquisition | Cost, normal purchase price | Total Checkouts | Full call number | Barcode | Date last seen | Copy number | Cost, replacement price | Koha item type |
|---|---|---|---|---|---|---|---|---|---|---|---|---|---|---|---|---|---|
| Dewey Decimal Classification | Not For Loan | Non-fiction | D.B.Act.Division | D.B.Act.Division | 30/06/2009 | DBAD / PUB | 425.00 | 006.31 SOM | EN-77829 | 30/06/2009 | 1 | 425.00 | English Books |
